[Event "IECG OP.2006.0.00015"]
[Site "IECG email"]
[Date "2006.04.18"]
[Round "?"]
[White "Brayman, Neal Zvi"]
[Black "Cretu, Adrian"]
[Result "1/2-1/2"]
[WhiteElo "1830"]
[BlackElo "1670"]
[PlyCount "38"]
[EventDate "2006.04.18"]
[EventType "tourn (corr)"]
[EventRounds "6"]
[SourceTitle "Corr 2008"]
[Source "ChessBase"]
[SourceDate "2008.06.24"]
[SourceVersion "1"]
[SourceVersionDate "2008.06.24"]
[SourceQuality "1"]

1. e4 c5 2. Nf3 d6 3. d4 cxd4 4. Nxd4 Nf6 5. Nc3 a6 6. f4 e5 7. Nf3 Nbd7 8. a4 Be7 9. Bd3 0-0 10. 0-0 Nc5 11. Kh1 exf4 12. Bxf4 Qb6 13. Qe1 Qxb2 14. Rb1 Nxd3 15. cxd3 Qc2 16. Rd1 Qb3 17. Rb1 Qc2 18. Rd1 Qb3 19. Rb1 Qc2 1/2-1/2

[Event "IECG OP.2006.0.00015"]
[Site "IECG email"]
[Date "2006.04.18"]
[Round "?"]
[White "Cretu, Adrian"]
[Black "Radozycki, Tomasz"]
[Result "1-0"]
[WhiteElo "1670"]
[BlackElo "1482"]
[PlyCount "45"]
[EventDate "2006.04.18"]
[EventType "tourn (corr)"]
[EventRounds "6"]
[SourceTitle "Corr 2008"]
[Source "ChessBase"]
[SourceDate "2008.06.24"]
[SourceVersion "1"]
[SourceVersionDate "2008.06.24"]
[SourceQuality "1"]

1. e4 e6 2. d4 d5 3. Nc3 Nf6 4. e5 Nfd7 5. f4 c5 6. Nf3 Nc6 7. Be3 Qb6 8. Na4 Qa5+ 9. c3 cxd4 10. b4 Qc7 11. Nxd4 Nxd4 12. Bxd4 Be7 13. Bd3 b6 14. 0-0 0-0 15. Rc1 Bb7 16. c4 dxc4 17. Rxc4 Qd8 18. Be3 Bd5 19. Rd4 f5 20. Nc3 Kh8 21. Nxd5 exd5 22. Rxd5 Qc8 23. g4 1-0

[Event "IECG SI.2006.0.00045"]
[Site "IECG email"]
[Date "2006.04.16"]
[Round "?"]
[White "Cretu, Adrian"]
[Black "Munoz Sanchez, Emilio Josep"]
[Result "1/2-1/2"]
[WhiteElo "1670"]
[BlackElo "1885"]
[PlyCount "56"]
[EventDate "2006.04.16"]
[EventType "tourn (corr)"]
[EventRounds "6"]
[SourceTitle "Corr 2008"]
[Source "ChessBase"]
[SourceDate "2008.06.24"]
[SourceVersion "1"]
[SourceVersionDate "2008.06.24"]
[SourceQuality "1"]

1. e4 c5 2. Nf3 d6 3. d4 cxd4 4. Nxd4 Nf6 5. Nc3 a6 6. Bc4 e6 7. Bb3 Be7 8. 0-0 0-0 9. f4 Nbd7 10. Qf3 Nc5 11. Be3 Nxb3 12. axb3 Qc7 13. f5 Bd7 14. Rad1 e5 15. Nde2 b5 16. Bg5 Bc6 17. Ng3 b4 18. Nd5 Bxd5 19. exd5 Qxc2 20. Bxf6 Bxf6 21. Ne4 a5 22. Rf2 Qc7 23. Nxf6+ gxf6 24. Qg3+ Kh8 25. Qh4 Qe7 26. Rc2 Rac8 27. Rc6 Rg8 28. Rd3 Rxc6 1/2-1/2

[Event "IECG SI.2006.0.00045"]
[Site "IECG email"]
[Date "2006.04.16"]
[Round "?"]
[White "Cretu, Adrian"]
[Black "Tanti, Joseph G"]
[Result "1/2-1/2"]
[WhiteElo "1670"]
[BlackElo "1986"]
[PlyCount "48"]
[EventDate "2006.04.16"]
[EventType "tourn (corr)"]
[EventRounds "6"]
[SourceTitle "Corr 2008"]
[Source "ChessBase"]
[SourceDate "2008.06.24"]
[SourceVersion "1"]
[SourceVersionDate "2008.06.24"]
[SourceQuality "1"]

1. e4 e5 2. Nf3 Nc6 3. Bb5 a6 4. Ba4 Nf6 5. 0-0 Be7 6. Re1 b5 7. Bb3 0-0 8. c3 d5 9. exd5 Nxd5 10. Nxe5 Nxe5 11. Rxe5 c6 12. d4 Bd6 13. Re1 Qh4 14. g3 Qh3 15. Re4 g5 16. Qe2 Bf5 17. Nd2 Bxe4 18. Nxe4 Qe6 19. Qf3 f6 20. Bd2 g4 21. Qd3 f5 22. Nxd6 Qxd6 23. Bf4 Qd7 24. Be5 a5 1/2-1/2